000 00584nam a2200217Ii 4500
003 JO-AjNU
008 230606s9999||||xx |||||||||||||| ||und||
020 _a0-03-910537-7
040 _aJO-AjNU
_beng
_erda
_cJO-AjNU
041 _aeng
050 1 4 _aHF5691 1984
100 3 _aBishop,K.R,
_eauthor
_93315
245 0 0 _aBusiness Calculations
250 _a2 ed
264 3 1 _aLondon: Holt,Rinehart and Winston, 1984
300 _a131p
336 _atext
_btxt
_2rdacontent
337 _aunmediated
_bn
_2rdamedia
338 _avolume
_bnc
_2rdacarrier
650 4 _aAccounting
_93316
999 _aE1733
_c1733
_d1733